Central Library OPAC University of Rajshahi

Toward a better cataloging code : (Record no. 547)

MARC details
000 -LEADER
fixed length control field 01095nam a2200265 a 4500
001 - CONTROL NUMBER
control field 547
003 - CONTROL NUMBER IDENTIFIER
rucl marc code BD-RjUL
005 - DATE AND TIME OF LATEST TRANSACTION
control field 20211208233210.0
008 - FIXED-LENGTH DATA ELEMENTS--GENERAL INFORMATION
fixed length control field 131129s1957 xx 000 0 eng d
035 ## - SYSTEM CONTROL NUMBER
System control number (BD-RjUL)564
System control number (OCoLC)582654
040 ## - CATALOGING SOURCE
Original cataloging agency DLC
Transcribing agency ODaWU
Modifying agency OCoLC
-- OAk
-- DLC
-- BD-RjUL
Language of cataloging eng
041 ## - LANGUAGE CODE
Language code of text/sound track or separate title eng
082 04 - DEWEY DECIMAL CLASSIFICATION NUMBER
Edition number 20
Classification number 025.3
Author mark and year TOW 1965
245 00 - TITLE STATEMENT
Title Toward a better cataloging code :
Remainder of title Papers presented before the twenty-first annual conference of the Graduate Library School of the University of Chicago, June 1956 /
Statement of responsibility, etc. ed. by Ruth French Strout.
260 ## - PUBLICATION, DISTRIBUTION, ETC. (IMPRINT)
Place of publication, distribution, etc. Chicago :
Name of publisher, distributor, etc. University of Chicago, Graduate Library School,
Date of publication, distribution, etc. c1957[impression 1965].
300 ## - PHYSICAL DESCRIPTION
Pagination 116 p. ;
Size 24 cm.
410 20 - SERIES STATEMENT/ADDED ENTRY--CORPORATE NAME [OBSOLETE, CAN/MARC], [LOCAL, USA]
Corporate name or jurisdiction name as entry element Chicago (Ill.).
Subordinate unit University.
-- Graduate Library School.
-- Conference.
Title of a work Papers presented before the annual conference.
Volume number/sequential designation 21st, 1956
Corporate name or jurisdiction name as entry element University of Chicago
Title of a work The University of Chicago studies in library science
650 #0 - SUBJECT ADDED ENTRY--TOPICAL TERM
Topical term or geographic name as entry element Cataloging
Form subdivision Congresses.
9 (RLIN) 1680
700 1# - ADDED ENTRY--PERSONAL NAME
Personal name Strout, Ruth French.
942 ## - ADDED ENTRY ELEMENTS (KOHA)
Source of classification or shelving scheme Dewey Decimal Classification
Koha item type Books
Holdings
Lost status Source of classification or shelving scheme Damaged status Not for loan Collection code Permanent Location Current Location Shelving location Date acquired Source of acquisition Cost, normal purchase price Total Checkouts Full call number Date last seen Copy number Koha item type
  Dewey Decimal Classification     Non-fiction Central Library, University of Rajshahi Central Library, University of Rajshahi   16/12/1970 Zeitlinger 35.00   025.3 TOW 1957 18/11/2013 C-2 Books
  Dewey Decimal Classification     Non-fiction Central Library, University of Rajshahi Central Library, University of Rajshahi   30/12/1970 Zeitlinger 35.00   025.3 TOW 1965 18/11/2013 C-3 Books
  Dewey Decimal Classification   Not For Loan Non-fiction Central Library, University of Rajshahi Central Library, University of Rajshahi Reading Room 16/12/1970 Swits & Zillinger 35.00   025.3 TOW 1965 04/12/2016 C-1 Books